000 00566nam a2200229Ia 4500
003 OSt
005 20221005123933.0
006 a|||||r|||| 00| 0
007 ta
008 221004b |||||||| |||| 00| 0 tam d
024 _a52289
037 _cTextual
040 _aCRL
_cCRL
_btam
041 _2tam
_atam
082 _aV73,1y7N17, 31K4
100 _aNagi Au.
_9634472
245 0 _aManitharul Manikkamkennedy
260 _c1964
650 _aHISTORY
942 _hV73,1y7N17, 31K4
_cTEXL
_2cc
999 _c1048995
_d1048995